[Event "2. Bundesliga West 2017/18"]
[Site "Hotel Servus Europa"]
[Date "2018.03.09"]
[Round "9"]
[Board "3"]
[White "Binder, Moriz"]
[Black "Besner, Bernhard"]
[Result "1-0"]
[WhiteElo "2218"]
[BlackElo "2157"]
[PlyCount "107"]
[EventDate "2017.10.13"]
[EventType "team"]
[EventRounds "11"]
[EventCountry "AUT"]
[WhiteTeam "Jenbach 2"]
[BlackTeam "ASK Salzburg"]

1. d4 d5 2. c4 e6 3. Nc3 c5 4. cxd5 exd5 5. Nf3 Nc6 6. g3 Nf6 7. Bg2 c4 8. O-O
Be7 9. Bg5 O-O 10. Ne5 Be6 11. Nxc6 bxc6 12. b3 h6 13. Bxf6 Bxf6 14. bxc4 dxc4
15. e3 Qa5 16. Rc1 Rac8 17. Qa4 Qxa4 18. Nxa4 Be7 19. Rfd1 Rfd8 20. Nb2 Ba3 21.
Rc2 Bxb2 22. Rxb2 Rd7 23. Rc2 Rb7 24. Bf1 Rb4 25. Rdc1 Ra4 26. Bxc4 Bxc4 27.
Rxc4 Rxa2 28. d5 Kf8 29. Rxc6 Rd8 30. Rd1 Ke7 31. Kg2 Rd6 32. Rc7+ Rd7 33.
Rxd7+ Kxd7 34. e4 Kd6 35. e5+ Kd7 36. Kf3 a5 37. Ke3 a4 38. Rb1 Ra3+ 39. Ke4
f5+ 40. Kxf5 Rb3 41. Rc1 Rf3+ 42. Ke4 Rxf2 43. e6+ Kd8 44. Ke5 Re2+ 45. Kd6 a3
46. Rf1 Ke8 47. Rb1 Rb2 48. Rc1 Rb8 49. e7 Rb6+ 50. Rc6 a2 51. Rxb6 a1=Q 52.
Rb8+ Kf7 53. e8=Q+ Kf6 54. Qe6+  1-0

[Event "2. Bundesliga West 2017/18"]
[Site "Hotel Servus Europa"]
[Date "2018.03.09"]
[Round "9"]
[Board "4"]
[White "Scheiblmaier, Robert"]
[Black "Hoellrigl, Wilfried"]
[Result "1/2-1/2"]
[WhiteElo "2183"]
[BlackElo "2204"]
[PlyCount "147"]
[EventDate "2017.10.13"]
[EventType "team"]
[EventRounds "11"]
[EventCountry "AUT"]
[WhiteTeam "ASK Salzburg"]
[BlackTeam "Jenbach 2"]

1. d4 Nf6 2. c4 g6 3. Nc3 d5 4. Nf3 Bg7 5. Bg5 Ne4 6. Bh4 Nxc3 7. bxc3 c5 8.
cxd5 Qxd5 9. e3 Nc6 10. Be2 cxd4 11. cxd4 O-O 12. O-O Bf5 13. Nd2 e5 14. Bf3 e4
15. Be2 Rfe8 16. Qb3 Qd7 17. Rab1 b6 18. Bb5 Be6 19. Qa4 Bd5 20. Rfc1 Rac8 21.
Rc2 Re6 22. Rbc1 g5 23. Bxg5 Rg6 24. Bf4 Bh6 25. Bg3 f5 26. Bc4 Kh8 27. Bxd5
Qxd5 28. Be5+ Bg7 29. Qc4 Qd7 30. Bxg7+ Kxg7 31. d5 Ne7 32. Qxc8 Nxc8 33. Rc7
Qe7 34. Rxe7+ Nxe7 35. Rc7 Kf8 36. Rd7 Ke8 37. Rxa7 Rd6 38. Kf1 Rxd5 39. Ke2
Rb5 40. Nb3 h6 41. Ra8+ Kf7 42. Rd8 Rb4 43. Rd4 Rb5 44. f3 exf3+ 45. Kxf3 Re5
46. Rd7 Ke6 47. Rd8 Kf7 48. Rd6 Nd5 49. Rxh6 Rxe3+ 50. Kf2 Rc3 51. Rd6 Rc2+ 52.
Kg1 Nc3 53. Rxb6 Rxa2 54. Nd4 Ne2+ 55. Nxe2 Rxe2 56. h3 Ra2 57. Kh2 Ra3 58. h4
Kg7 59. g3 Ra2+ 60. Kh3 Ra3 61. Kg2 Rc3 62. Rd6 Rb3 63. h5 Ra3 64. Rb6 Kh8 65.
Rc6 Kg8 66. Rb6 Kg7 67. h6+ Kh7 68. Rf6 Rb3 69. Ra6 Rc3 70. Rf6 Rb3 71. Kh3 Rc3
72. Rxf5 Kxh6 73. Kg4 Kg6 74. Rh5  1/2-1/2

[Event "2. Bundesliga West 2017/18"]
[Site "Hotel Servus Europa"]
[Date "2018.03.09"]
[Round "9"]
[Board "5"]
[White "Fuchs, Georg"]
[Black "Wollrab, Richard"]
[Result "1-0"]
[WhiteElo "2156"]
[BlackElo "2179"]
[PlyCount "27"]
[EventDate "2017.10.13"]
[EventType "team"]
[EventRounds "11"]
[EventCountry "AUT"]
[WhiteTeam "Jenbach 2"]
[BlackTeam "ASK Salzburg"]

1. e4 g6 2. d4 Bg7 3. Nf3 d6 4. Bc4 Nc6 5. O-O Nf6 6. d5 Nb8 7. Nc3 O-O 8. Bg5
h6 9. Bh4 c5 10. Nd2 Ne8 11. f4 Nd7 12. Qe2 Nc7 13. e5 dxe5 14. d6  1-0

[Event "2. Bundesliga West 2017/18"]
[Site "Hotel Servus Europa"]
[Date "2018.03.09"]
[Round "9"]
[Board "6"]
[White "Herrmann, Michael"]
[Black "Heinrich, Thomas"]
[Result "1-0"]
[WhiteElo "2079"]
[BlackElo "2148"]
[PlyCount "85"]
[EventDate "2017.10.13"]
[EventType "team"]
[EventRounds "11"]
[EventCountry "AUT"]
[WhiteTeam "ASK Salzburg"]
[BlackTeam "Jenbach 2"]

1. c4 e6 2. Nf3 d5 3. b3 Nf6 4. Bb2 b6 5. g3 Bb7 6. Bg2 c5 7. e3 Nc6 8. O-O Be7
9. Qe2 O-O 10. d3 h6 11. Nbd2 Qc7 12. Rac1 Rfd8 13. d4 Rac8 14. Rfd1 Qb8 15.
Ne5 cxd4 16. Nxc6 Bxc6 17. Bxd4 dxc4 18. Nxc4 Bxg2 19. Kxg2 Qb7+ 20. Qf3 Rc7
21. Qxb7 Rxb7 22. Ne5 Ba3 23. Rb1 Nd5 24. Ba1 Rc8 25. Nc4 Be7 26. a4 b5 27.
axb5 Rxb5 28. e4 Nb6 29. Nxb6 axb6 30. Rd7 Bc5 31. Rd3 Ra8 32. Be5 f6 33. Ra1
Rxa1 34. Bxa1 e5 35. Bb2 Kf7 36. Bc1 Ke6 37. Bd2 Bd6 38. b4 h5 39. h3 g6 40. g4
hxg4 41. hxg4 Rxb4 42. Rxd6+ Kxd6 43. Bxb4+  1-0

[Event "2. Bundesliga West 2017/18"]
[Site "Hotel Servus Europa"]
[Date "2018.03.09"]
[Round "9"]
[Board "1"]
[White "Votava, Jan"]
[Black "Bertagnolli, Alexander"]
[Result "1/2-1/2"]
[WhiteElo "2512"]
[BlackElo "2372"]
[PlyCount "98"]
[EventDate "2017.10.13"]
[EventType "team"]
[EventRounds "11"]
[EventCountry "AUT"]
[WhiteTeam "Zillertal"]
[BlackTeam "Kufstein/Woergl"]

1. c4 Nf6 2. Nf3 e6 3. Nc3 d5 4. d4 Bb4 5. e3 O-O 6. Bd3 dxc4 7. Bxc4 c5 8. O-O
cxd4 9. exd4 Qc7 10. Qe2 a6 11. Bg5 Bxc3 12. Bxf6 gxf6 13. bxc3 Nd7 14. Bd3 Kg7
15. c4 Rg8 16. c5 Nf8 17. Rfb1 Bd7 18. Be4 Bb5 19. Qe3 Nd7 20. Nd2 e5 21. Nf3
Rae8 22. Rc1 exd4 23. Qxd4 Kh8 24. Bf5 Ne5 25. Rc3 Nxf3+ 26. Rxf3 Qe5 27. Qxe5
Rxe5 28. Rf4 Rge8 29. h4 Rxc5 30. Rd1 h5 31. Bd7 Rd8 32. Rfd4 Kg7 33. Bxb5 Rxd4
34. Rxd4 Rxb5 35. g4 Rb2 36. a4 Kg6 37. Kg2 a5 38. gxh5+ Kxh5 39. Rd5+ Kxh4 40.
Rxa5 Kg4 41. Rd5 f5 42. Rd7 f6 43. Rd6 Ra2 44. Rxf6 Rxa4 45. Rb6 Ra7 46. Rb4+
f4 47. f3+ Kf5 48. Kh3 Ke5 49. Kg4 Kd5  1/2-1/2

[Event "2. Bundesliga West 2017/18"]
[Site "Hotel Servus Europa"]
[Date "2018.03.09"]
[Round "9"]
[Board "2"]
[White "Rusche, Johannes"]
[Black "Michalik, Peter"]
[Result "0-1"]
[WhiteElo "2282"]
[BlackElo "2546"]
[PlyCount "50"]
[EventDate "2017.10.13"]
[EventType "team"]
[EventRounds "11"]
[EventCountry "AUT"]
[WhiteTeam "Kufstein/Woergl"]
[BlackTeam "Zillertal"]

1. e4 c6 2. d4 d5 3. e5 Bf5 4. Nf3 e6 5. Be2 Nd7 6. O-O Bg6 7. Nbd2 Nh6 8. Nb3
Be7 9. Bd2 a5 10. a4 O-O 11. c4 dxc4 12. Bxc4 Qb6 13. Qe2 Bb4 14. Bxh6 gxh6 15.
Nh4 Be7 16. Nxg6 hxg6 17. Qe4 Kg7 18. Nc1 Rfd8 19. b3 c5 20. dxc5 Nxc5 21. Qe2
Rd4 22. Na2 Rad8 23. Nc3 Rd2 24. Qe3 Bg5 25. Qf3 R2d3  0-1

[Event "2. Bundesliga West 2017/18"]
[Site "Hotel Servus Europa"]
[Date "2018.03.09"]
[Round "9"]
[Board "3"]
[White "Lanka, Zigurds"]
[Black "Blaskowski, Johannes"]
[Result "1/2-1/2"]
[WhiteElo "2426"]
[BlackElo "2269"]
[PlyCount "93"]
[EventDate "2017.10.13"]
[EventType "team"]
[EventRounds "11"]
[EventCountry "AUT"]
[WhiteTeam "Zillertal"]
[BlackTeam "Kufstein/Woergl"]

1. e4 c5 2. Nf3 e6 3. d4 cxd4 4. Nxd4 Nf6 5. Nc3 d6 6. g4 Nc6 7. g5 Nd7 8. Be3
Nb6 9. Bg2 Nc4 10. Bc1 Qb6 11. Nb3 Bd7 12. Qe2 N6a5 13. O-O Be7 14. Kh1 O-O 15.
f4 f6 16. h4 fxg5 17. hxg5 Rae8 18. Nxa5 Nxa5 19. Qg4 Nc4 20. Nd5 Qc5 21. b3
exd5 22. Qxd7 Nb6 23. Qxb7 Bxg5 24. Ba3 Qxa3 25. fxg5 Rxf1+ 26. Rxf1 Rf8 27.
exd5 Rxf1+ 28. Bxf1 Qc1 29. Qb8+ Kf7 30. Qxa7+ Kg6 31. Qa6 Nxd5 32. Qd3+ Kh5
33. Qxh7+ Kg4 34. Qh3+ Kxg5 35. Qg3+ Kf5 36. Qd3+ Ke5 37. Qg3+ Ke4 38. Qg6+ Ke3
39. Qg1+ Kd2 40. Qg2+ Kc3 41. Qxg7+ Kxc2 42. Qg2+ Kc3 43. Qg7+ Kb4 44. Qd4+ Ka3
45. Qa7+ Kb2 46. Qf2+ Ka3 47. Qa7+  1/2-1/2

[Event "2. Bundesliga West 2017/18"]
[Site "Hotel Servus Europa"]
[Date "2018.03.09"]
[Round "9"]
[Board "4"]
[White "Neuschmied, Siegfried"]
[Black "Hausner, Ivan"]
[Result "1/2-1/2"]
[WhiteElo "2155"]
[BlackElo "2321"]
[PlyCount "118"]
[EventDate "2017.10.13"]
[EventType "team"]
[EventRounds "11"]
[EventCountry "AUT"]
[WhiteTeam "Kufstein/Woergl"]
[BlackTeam "Zillertal"]

1. e4 Nf6 2. e5 Ng8 3. d4 d6 4. Nf3 dxe5 5. Nxe5 Nd7 6. Nf3 Ngf6 7. c4 e6 8.
Be2 Be7 9. Nc3 O-O 10. O-O b6 11. Bf4 Bb7 12. Qb3 Ne4 13. Nxe4 Bxe4 14. Rad1
Bd6 15. Qe3 Bxf3 16. Bxf3 Bxf4 17. Qxf4 Rb8 18. b3 Nf6 19. Rfe1 Qd6 20. Qe3
Rbd8 21. h3 Rfe8 22. Qc3 c5 23. dxc5 Qxc5 24. Rd2 Rxd2 25. Qxd2 h6 26. Rd1 Rc8
27. Qd6 Qxd6 28. Rxd6 Kf8 29. Kf1 Ke7 30. Rd2 a5 31. Ke2 Nd7 32. Be4 Nc5 33.
Bc2 Rc6 34. Rd4 Rd6 35. Ke3 e5 36. Rd2 g6 37. Rxd6 Kxd6 38. f4 f5 39. g4 exf4+
40. Kxf4 Ne6+ 41. Ke3 Ke5 42. gxf5 gxf5 43. Bd1 Nf4 44. a3 Nxh3 45. b4 axb4 46.
axb4 Nf4 47. c5 bxc5 48. bxc5 Ne6 49. c6 f4+ 50. Kd3 Nc7 51. Bg4 Nd5 52. Ke2
Kd6 53. Kf3 Ke5 54. Bh5 Nc7 55. Bg4 Nb5 56. Bd7 h5 57. Be8 Nd4+ 58. Kf2 Kd6 59.
Bxh5 Nxc6  1/2-1/2

[Event "2. Bundesliga West 2017/18"]
[Site "Hotel Servus Europa"]
[Date "2018.03.09"]
[Round "9"]
[Board "5"]
[White "Maiwald, Jens-Uwe"]
[Black "Atzl, Florian"]
[Result "1/2-1/2"]
[WhiteElo "2452"]
[BlackElo "2107"]
[PlyCount "99"]
[EventDate "2017.10.13"]
[EventType "team"]
[EventRounds "11"]
[EventCountry "AUT"]
[WhiteTeam "Zillertal"]
[BlackTeam "Kufstein/Woergl"]

1. Nf3 c5 2. g3 Nf6 3. Bg2 Nc6 4. O-O e6 5. d3 d5 6. Nbd2 Be7 7. e4 O-O 8. Re1
Qc7 9. e5 Nd7 10. Qe2 b5 11. Nf1 Bb7 12. h4 Rfc8 13. Bf4 Nb6 14. N1h2 Bf8 15.
h5 h6 16. g4 Ne7 17. c3 a6 18. Rac1 Qd8 19. d4 b4 20. dxc5 Rxc5 21. cxb4 Rxc1
22. Bxc1 Bc6 23. Nd4 Be8 24. Nhf3 Nc6 25. a3 Nxd4 26. Nxd4 Qh4 27. Bf4 Nc4 28.
Bg3 Qd8 29. f4 a5 30. bxa5 Qxa5 31. Bf2 Rb8 32. b3 Nxa3 33. f5 Bd7 34. Rc1 Bc5
35. fxe6 fxe6 36. Nc6 Bxf2+ 37. Qxf2 Bxc6 38. Rxc6 Rf8 39. Qe3 d4 40. Qe4 Qd2
41. Rxe6 Nc2 42. Rf6 gxf6 43. Qg6+ Kh8 44. Be4 Qc1+ 45. Kh2 Qd2+ 46. Kh1 Qc1+
47. Kh2 Qf4+ 48. Kh1 Qc1+ 49. Kh2 Qd2+ 50. Kh1  1/2-1/2

[Event "2. Bundesliga West 2017/18"]
[Site "Hotel Servus Europa"]
[Date "2018.03.09"]
[Round "9"]
[Board "6"]
[White "Kruckenhauser, Arthur"]
[Black "Platzgummer, Fabian"]
[Result "0-1"]
[WhiteElo "1990"]
[BlackElo "2343"]
[PlyCount "98"]
[EventDate "2017.10.13"]
[EventType "team"]
[EventRounds "11"]
[EventCountry "AUT"]
[WhiteTeam "Kufstein/Woergl"]
[BlackTeam "Zillertal"]

1. e4 c5 2. Ne2 Nf6 3. Nbc3 e5 4. d3 d5 5. Nxd5 Nxd5 6. exd5 Qxd5 7. Nc3 Qd6 8.
Be2 Bd7 9. O-O Be7 10. f4 O-O 11. fxe5 Qxe5 12. Bf4 Qd4+ 13. Kh1 Bd6 14. Qd2
Bxf4 15. Rxf4 Qd6 16. Raf1 Nc6 17. Bg4 Bxg4 18. Rxg4 f5 19. Rgf4 g6 20. g4 Nd4
21. gxf5 Qc6+ 22. Qg2 Qxg2+ 23. Kxg2 Nxc2 24. Nd1 Rae8 25. fxg6 hxg6 26. Rxf8+
Rxf8 27. Rxf8+ Kxf8 28. Nf2 Kf7 29. Kf3 Ke6 30. Ke4 Nb4 31. a3 Nd5 32. Ng4 g5
33. Nf2 Nf6+ 34. Kf3 Kf5 35. h3 b6 36. Ne4 Nd5 37. Nd6+ Ke5 38. Ne4 Kf5 39.
Nd6+ Ke5 40. Ne4 Nf4 41. Nf2 Kf5 42. Ke3 a6 43. Kf3 Nxh3 44. Nd1 Nf4 45. Ne3+
Ke5 46. Nc4+ Kd4 47. Nxb6 Nxd3 48. Na4 c4 49. Kg4 Nxb2  0-1

[Event "2. Bundesliga West 2017/18"]
[Site "Hotel Servus Europa"]
[Date "2018.03.09"]
[Round "9"]
[Board "1"]
[White "Kindermann, Stefan"]
[Black "Nayhebaver, Martin"]
[Result "0-1"]
[WhiteElo "2502"]
[BlackElo "2440"]
[PlyCount "82"]
[EventDate "2017.10.13"]
[EventType "team"]
[EventRounds "11"]
[EventCountry "AUT"]
[WhiteTeam "Sparkasse Neumarkt"]
[BlackTeam "Bregenz"]

1. d4 Nf6 2. Bg5 d5 3. e3 c5 4. Bxf6 gxf6 5. Nc3 Nc6 6. Qh5 e6 7. Nf3 Bd7 8.
Bb5 cxd4 9. exd4 a6 10. Bxc6 Bxc6 11. O-O Qc7 12. Rfe1 O-O-O 13. Re3 Bd6 14.
Qh4 Rhg8 15. Qxf6 Bf4 16. Ne5 Bxe3 17. fxe3 Rdf8 18. Rf1 Qb6 19. b3 Qd8 20.
Qxd8+ Kxd8 21. Nxf7+ Ke7 22. Ne5 Rxf1+ 23. Kxf1 Bb5+ 24. Nxb5 axb5 25. Nd3 Kd6
26. Kf2 Rc8 27. Nb4 e5 28. Kf3 Ke6 29. dxe5 Kxe5 30. Nd3+ Kf5 31. Nb4 Rc3 32.
Nxd5 Rxc2 33. Nb4 Rd2 34. g4+ Ke5 35. h4 h6 36. g5 h5 37. a4 Kd6 38. e4 Rb2 39.
Kf4 Rxb3 40. g6 Ke6 41. Nd5 bxa4  0-1

[Event "2. Bundesliga West 2017/18"]
[Site "Hotel Servus Europa"]
[Date "2018.03.09"]
[Round "9"]
[Board "2"]
[White "Sergeev, Vladimir"]
[Black "Hertneck, Gerald"]
[Result "1/2-1/2"]
[WhiteElo "2417"]
[BlackElo "2498"]
[PlyCount "112"]
[EventDate "2017.10.13"]
[EventType "team"]
[EventRounds "11"]
[EventCountry "AUT"]
[WhiteTeam "Bregenz"]
[BlackTeam "Sparkasse Neumarkt"]

1. d4 Nf6 2. Nf3 e6 3. c3 c5 4. Bg5 cxd4 5. Bxf6 Qxf6 6. cxd4 d5 7. Nc3 Nc6 8.
e3 Bd6 9. Be2 Bd7 10. O-O Rc8 11. Nb5 Bb8 12. Rc1 O-O 13. Qd2 Qe7 14. Rfd1 Rfd8
15. Ne1 Be8 16. Nd3 f6 17. Nc5 b6 18. Nb3 Qd7 19. Nc3 Qb7 20. g3 Ne7 21. Bg4
Rc6 22. Qe2 Nc8 23. Nb1 f5 24. Bh5 Bxh5 25. Qxh5 Nd6 26. Rxc6 Qxc6 27. Rc1 Qd7
28. N1d2 Rc8 29. Qd1 Rxc1 30. Qxc1 Qc8 31. Qxc8+ Nxc8 32. Nf3 h6 33. h4 Kf7 34.
Nbd2 Kf6 35. Kf1 g5 36. Ke2 Ne7 37. Nb3 Nc6 38. hxg5+ hxg5 39. Nc1 g4 40. Ne1
e5 41. dxe5+ Bxe5 42. Ncd3 d4 43. Nc2 dxe3 44. Kxe3 Ne7 45. a4 Nd5+ 46. Kd2 f4
47. gxf4 Nxf4 48. Nxe5 Kxe5 49. Ne3 Nh3 50. Nxg4+ Kf4 51. f3 Ng5 52. Kc3 Nxf3
53. Nf2 Ke5 54. Kc4 a6 55. Nd3+ Kd6 56. b4 Kc6  1/2-1/2

[Event "2. Bundesliga West 2017/18"]
[Site "Hotel Servus Europa"]
[Date "2018.03.09"]
[Round "9"]
[Board "3"]
[White "Sulava, Nenad"]
[Black "Dobosz, Henryk"]
[Result "1/2-1/2"]
[WhiteElo "2452"]
[BlackElo "2378"]
[PlyCount "102"]
[EventDate "2017.10.13"]
[EventType "team"]
[EventRounds "11"]
[EventCountry "AUT"]
[WhiteTeam "Sparkasse Neumarkt"]
[BlackTeam "Bregenz"]

1. d4 Nf6 2. Bg5 e6 3. Nd2 c5 4. e3 b6 5. Ngf3 Bb7 6. Bd3 Be7 7. O-O O-O 8. c3
cxd4 9. exd4 Nd5 10. Bxe7 Qxe7 11. Re1 d6 12. Bf1 Nf6 13. a4 a6 14. Nc4 Nd5 15.
Nfd2 b5 16. Ne3 b4 17. Nxd5 Bxd5 18. c4 Bb7 19. d5 Nd7 20. Nb3 a5 21. Nd4 e5
22. g3 Qf6 23. Nc6 Nc5 24. Bg2 Rfe8 25. Re3 Qf5 26. Qe2 Qd7 27. b3 f5 28. Re1
g6 29. h4 h5 30. Kh2 Rf8 31. Qc2 Kh7 32. f3 Bxc6 33. dxc6 Qxc6 34. R3e2 Rad8
35. Rd1 Qc7 36. Rg1 Qe7 37. Rd2 Ne6 38. Rd5 Nc5 39. Bh3 Qf6 40. Rg2 Rf7 41. Qd1
f4 42. g4 Qxh4 43. gxh5 Rg7 44. Rxd6 Rxd6 45. Qxd6 gxh5 46. Rxg7+ Kxg7 47.
Qxe5+ Kh6 48. Qh8+ Kg6 49. Qg8+ Kh6 50. Qh8+ Kg6 51. Qg8+ Kh6  1/2-1/2

[Event "2. Bundesliga West 2017/18"]
[Site "Hotel Servus Europa"]
[Date "2018.03.09"]
[Round "9"]
[Board "4"]
[White "Hess, Max"]
[Black "Gara, Anita"]
[Result "0-1"]
[WhiteElo "2251"]
[BlackElo "2382"]
[PlyCount "118"]
[EventDate "2017.10.13"]
[EventType "team"]
[EventRounds "11"]
[EventCountry "AUT"]
[WhiteTeam "Bregenz"]
[BlackTeam "Sparkasse Neumarkt"]

1. e4 c5 2. Nf3 Nc6 3. Bb5 g6 4. Bxc6 bxc6 5. O-O Bg7 6. Re1 Rb8 7. d3 Nf6 8.
e5 Nd5 9. Nbd2 Nc7 10. Ne4 Ne6 11. Be3 Rxb2 12. Qc1 Rb7 13. Nxc5 Nxc5 14. Bxc5
O-O 15. Qa3 d6 16. exd6 exd6 17. Bd4 Bxd4 18. Nxd4 c5 19. Nc6 Qf6 20. Rab1 Rxb1
21. Rxb1 Bb7 22. Na5 Ba8 23. Qc1 Re8 24. Qd2 Qe6 25. Nc4 d5 26. Na5 d4 27. Nb3
Qe5 28. f3 Kg7 29. Qf2 Re6 30. Nd2 Bd5 31. Ne4 Rb6 32. Rxb6 axb6 33. a3 h6 34.
Qd2 Qc7 35. c4 Bc6 36. Qb2 Qa7 37. Kf2 Qa5 38. Nd6 Qa7 39. Qe2 Qd7 40. Ne4 Qe7
41. Ng3 Qg5 42. Ne4 Qf4 43. Ke1 h5 44. Qb2 Qc7 45. Qd2 Qe7 46. Qb2 Qh4+ 47. Ng3
Qd8 48. Qd2 h4 49. Ne4 Qc7 50. Kf1 Qe5 51. Qg5 f5 52. Kf2 h3 53. g3 Qe6 54. Nd2
Ba4 55. Nb1 b5 56. Qd8 bxc4 57. dxc4 Bd1 58. Qc7+ Kh6 59. Qxc5 Qe2+  0-1

[Event "2. Bundesliga West 2017/18"]
[Site "Hotel Servus Europa"]
[Date "2018.03.09"]
[Round "9"]
[Board "5"]
[White "Manakov, Ilya"]
[Black "Bezler, Rainer"]
[Result "1-0"]
[WhiteElo "2376"]
[BlackElo "2197"]
[PlyCount "53"]
[EventDate "2017.10.13"]
[EventType "team"]
[EventRounds "11"]
[EventCountry "AUT"]
[WhiteTeam "Sparkasse Neumarkt"]
[BlackTeam "Bregenz"]

1. Nf3 Nf6 2. g3 d5 3. Bg2 c5 4. O-O Nc6 5. d4 e6 6. b3 cxd4 7. Nxd4 Bc5 8.
Nxc6 bxc6 9. c4 O-O 10. cxd5 cxd5 11. Bb2 Ba6 12. Nc3 Qe7 13. a3 Bd6 14. Qd2
Rab8 15. b4 Rfd8 16. Rfd1 Bc4 17. e4 dxe4 18. Nxe4 Nxe4 19. Qd4 Qf6 20. Bxe4
Qxd4 21. Bxd4 a6 22. Ba7 Rbc8 23. Bb7 Rc7 24. Bb6 Rxb7 25. Bxd8 Bd5 26. Rac1 h6
27. Rd2  1-0

[Event "2. Bundesliga West 2017/18"]
[Site "Hotel Servus Europa"]
[Date "2018.03.09"]
[Round "9"]
[Board "6"]
[White "Mira, Helene"]
[Black "Wuppinger, Manfred"]
[Result "1-0"]
[WhiteElo "2053"]
[BlackElo "2066"]
[PlyCount "69"]
[EventDate "2017.10.13"]
[EventType "team"]
[EventRounds "11"]
[EventCountry "AUT"]
[WhiteTeam "Bregenz"]
[BlackTeam "Sparkasse Neumarkt"]

1. Nf3 Nf6 2. c4 c5 3. d4 cxd4 4. Nxd4 g6 5. Nc3 Bg7 6. e4 d6 7. Be2 O-O 8. O-O
Bd7 9. Be3 Nc6 10. Nc2 Ne8 11. Qd2 Nc7 12. Bh6 Ne6 13. Bxg7 Kxg7 14. Nd5 Nc5
15. f3 Be6 16. Rfd1 Bxd5 17. exd5 Ne5 18. b4 Na6 19. c5 Nc7 20. Qd4 Kg8 21. f4
Nd7 22. f5 Nf6 23. Ne3 a5 24. fxg6 hxg6 25. b5 dxc5 26. Qxc5 Nce8 27. Nc4 Ne4
28. Qd4 N8d6 29. Ne5 Nf6 30. Bd3 Nd7 31. Kh1 Nxe5 32. Qxe5 Qd7 33. Re1 Nxb5 34.
Re3 Qd6 35. Bxb5  1-0

[Event "2. Bundesliga West 2017/18"]
[Site "Hotel Servus Europa"]
[Date "2018.03.09"]
[Round "9"]
[Board "1"]
[White "Riediger, Martin"]
[Black "Froewis, Georg"]
[Result "0-1"]
[WhiteElo "2288"]
[BlackElo "2431"]
[PlyCount "54"]
[EventDate "2017.10.13"]
[EventType "team"]
[EventRounds "11"]
[EventCountry "AUT"]
[WhiteTeam "Ranshofen"]
[BlackTeam "Hohenems II"]

1. d4 d5 2. c4 e6 3. Nc3 c6 4. cxd5 exd5 5. Qc2 g6 6. Bf4 Bf5 7. Qd2 Nf6 8. e3
Nh5 9. Be5 f6 10. Bg3 Nd7 11. Bd3 Nxg3 12. hxg3 Bxd3 13. Qxd3 f5 14. Nge2 Bd6
15. Nf4 Qf6 16. Rc1 O-O 17. Qd1 Qf7 18. Nd3 Rae8 19. Rc2 Nf6 20. Re2 Ne4 21.
Rh3 g5 22. Nxe4 fxe4 23. Nc5 b6 24. Na4 Re6 25. Rc2 Rf6 26. Qh5 Rxf2 27. Qxg5+
Kh8  0-1

[Event "2. Bundesliga West 2017/18"]
[Site "Hotel Servus Europa"]
[Date "2018.03.09"]
[Round "9"]
[Board "2"]
[White "Berchtenbreiter, Maximilian"]
[Black "Knechtel, Roland"]
[Result "1-0"]
[WhiteElo "2377"]
[BlackElo "2245"]
[PlyCount "53"]
[EventDate "2017.10.13"]
[EventType "team"]
[EventRounds "11"]
[EventCountry "AUT"]
[WhiteTeam "Hohenems II"]
[BlackTeam "Ranshofen"]

1. e4 c6 2. c4 d5 3. exd5 cxd5 4. cxd5 Nf6 5. Nc3 Nxd5 6. Bc4 Nb6 7. Bb3 Nc6 8.
Nf3 e6 9. d4 Be7 10. O-O O-O 11. a3 Bd7 12. Qd3 Rc8 13. Re1 Re8 14. Bf4 Na5 15.
Bc2 g6 16. Rad1 Nac4 17. Bc1 Bc6 18. Bb3 Bf6 19. Qe2 Bd5 20. Ne5 Bg7 21. Bf4
Ne3 22. Nxd5 Nbxd5 23. Bg3 Qg5 24. a4 Nb4 25. Nxf7 Kxf7 26. Bxe6+ Kf6 27. Qf3+
 1-0

[Event "2. Bundesliga West 2017/18"]
[Site "Hotel Servus Europa"]
[Date "2018.03.09"]
[Round "9"]
[Board "3"]
[White "Ager, Josef"]
[Black "Burschowsky, Matthias"]
[Result "1/2-1/2"]
[WhiteElo "2109"]
[BlackElo "2191"]
[PlyCount "104"]
[EventDate "2017.10.13"]
[EventType "team"]
[EventRounds "11"]
[EventCountry "AUT"]
[WhiteTeam "Ranshofen"]
[BlackTeam "Hohenems II"]

1. Nf3 c5 2. c4 Nc6 3. d4 cxd4 4. Nxd4 Nf6 5. Nc3 g6 6. e4 Bg7 7. Be3 O-O 8.
Be2 d6 9. O-O Bd7 10. f3 Nxd4 11. Bxd4 Bc6 12. Qd2 a5 13. Rac1 a4 14. b4 axb3
15. axb3 Qa5 16. Rb1 Qb4 17. Rfd1 Rfc8 18. Kf1 Kf8 19. Na2 Qxd2 20. Rxd2 Bh6
21. Rdb2 Nd7 22. Nc3 Ra5 23. Ra2 Rxa2 24. Nxa2 Ra8 25. Nb4 Bg7 26. Be3 Bc3 27.
Nd3 b5 28. cxb5 Bxb5 29. Rc1 Bf6 30. Ke1 e6 31. Nc5 Nxc5 32. Bxc5 dxc5 33. Bxb5
Bd4 34. Ba4 f5 35. Ke2 Ke7 36. Kd3 e5 37. Rc2 Kd6 38. Kc4 fxe4 39. fxe4 Rf8 40.
b4 cxb4 41. Kxb4 Rf4 42. Bc6 Rf1 43. Bd5 Rb1+ 44. Kc4 Ke7 45. Kd3 Kf6 46. Ke2
Kg5 47. Kf3 Rf1+ 48. Kg3 Rf4 49. h3 h5 50. Kh2 Rf1 51. g3 h4 52. Rg2 Rf2
 1/2-1/2

[Event "2. Bundesliga West 2017/18"]
[Site "Hotel Servus Europa"]
[Date "2018.03.09"]
[Round "9"]
[Board "4"]
[White "Hofer, Emilian"]
[Black "Brehovsky, Paul"]
[Result "0-1"]
[WhiteElo "2136"]
[BlackElo "2133"]
[PlyCount "104"]
[EventDate "2017.10.13"]
[EventType "team"]
[EventRounds "11"]
[EventCountry "AUT"]
[WhiteTeam "Hohenems II"]
[BlackTeam "Ranshofen"]

1. e4 e6 2. d4 d5 3. Nd2 Nf6 4. e5 Nfd7 5. c3 c5 6. Bd3 Nc6 7. Ne2 cxd4 8. cxd4
f6 9. exf6 Qxf6 10. Nf3 h6 11. O-O Bd6 12. Ng3 O-O 13. Bc2 Rd8 14. Re1 Nf8 15.
Be3 Bd7 16. Rc1 Be8 17. a3 Rac8 18. Qd2 a6 19. Bb1 Bg6 20. Bxg6 Nxg6 21. Rc3
Rc7 22. Rec1 Rf7 23. Rd1 Na5 24. Qc2 Nc4 25. Qe2 b5 26. Bc1 Re7 27. Qd3 a5 28.
Rc2 Nf4 29. Bxf4 Qxf4 30. Re2 Rde8 31. Rde1 Qf7 32. Qb3 Rb8 33. Qc3 a4 34. Nf1
Bf4 35. Rd1 Qg6 36. Qc2 Qxc2 37. Rxc2 b4 38. g3 bxa3 39. bxa3 Bd6 40. Ne3 Nxa3
41. Rc6 Nb5 42. Ra1 Ra7 43. Nc2 a3 44. Kf1 a2 45. Ke2 Kf7 46. Rc1 Ba3 47. Nxa3
Rxa3 48. Ne5+ Ke8 49. Rxe6+ Kf8 50. Nd7+ Kf7 51. Re3 Nxd4+ 52. Kd1 a1=Q  0-1

[Event "2. Bundesliga West 2017/18"]
[Site "Hotel Servus Europa"]
[Date "2018.03.09"]
[Round "9"]
[Board "5"]
[White "Kuecher, Wolfgang"]
[Black "Uhlmann, David"]
[Result "0-1"]
[WhiteElo "2123"]
[BlackElo "2112"]
[PlyCount "116"]
[EventDate "2017.10.13"]
[EventType "team"]
[EventRounds "11"]
[EventCountry "AUT"]
[WhiteTeam "Ranshofen"]
[BlackTeam "Hohenems II"]

1. c4 e5 2. g3 Nc6 3. Bg2 Bc5 4. Nc3 d6 5. a3 a6 6. e3 Nge7 7. Nge2 Ba7 8. d4
exd4 9. Nxd4 Nxd4 10. exd4 O-O 11. O-O Nf5 12. d5 Re8 13. Qd3 Ne7 14. Bg5 h6
15. Bd2 Ng6 16. Qc2 Ne5 17. Nd1 Bg4 18. Ne3 Be2 19. Rfe1 Nf3+ 20. Bxf3 Bxf3 21.
Qf5 Be4 22. Qg4 Qc8 23. Qxc8 Raxc8 24. Rac1 Bd3 25. Rc3 Bg6 26. Nc2 Rxe1+ 27.
Bxe1 Re8 28. Kf1 Bf5 29. Ne3 Bh3+ 30. Ke2 Bd4 31. Rb3 b6 32. Bc3 Bc5 33. Bb4
Bd4 34. Bc3 Bxe3 35. fxe3 Bg4+ 36. Kf2 Bd1 37. Rb4 a5 38. Rb5 Ba4 39. Kf3 f6
40. Kf4 Bxb5 41. cxb5 Kf7 42. g4 g6 43. e4 Rh8 44. Kf3 Rh7 45. h4 Ke7 46. Bd2
Rh8 47. Be3 a4 48. Bd2 Kf7 49. Be3 Re8 50. Bd4 f5 51. gxf5 gxf5 52. exf5 Re1
53. Be3 Rh1 54. Kg4 Rd1 55. Bxh6 Rxd5 56. Be3 Rxb5 57. Bd4 c5 58. Bc3 d5  0-1